| 000 | 00734nam a2200205 a 4500 | ||
|---|---|---|---|
| 005 | 20230517063632.0 | ||
| 008 | 991125s1980 mx 000 0 spa u | ||
| 035 | _aUPN01000000815 | ||
| 049 | _aSEP | ||
| 050 | 4 |
_aLA427.5 _bC6.3 |
|
| 111 | 2 |
_aSeminario Nacional sobre Planeación y Administración de la Educación Superior _d(1980 : _cAguascalientes) _929996 |
|
| 245 | 1 | 3 |
_aLa administración de la investigación / _c[ed.] Salvador Corrales Ayala. |
| 260 |
_aAguascalientes : _bANUIES : _bSEP, _c1980. |
||
| 300 | _a20 h. | ||
| 500 | _aFotocopia | ||
| 650 | 4 |
_aEducación superior _xInvestigación _913625 |
|
| 610 | 2 | 4 |
_aPLAN NACIONAL DE EDUCACION SUPERIOR (MEXICO) _924129 |
| 700 | 1 |
_aCorrales Ayala, Salvador, _eed. |
|
| 905 | _aLibro | ||
| 999 |
_c815 _d815 |
||